LEADER 01214nam--2200361---450- 001 990001554130203316 005 20050922085916.0 035 $a000155413 035 $aUSA01000155413 035 $a(ALEPH)000155413USA01 035 $a000155413 100 $a20040402d1969----km-y0itay0103----ba 101 $aita 102 $aIT 105 $a||||||||001yy 200 1 $aDocumenti di interesse italiano nella repubblica popolare polacca$e(premessa per una ricerca e un censimento archivistici)$fEttore Falconi 210 $aRoma$c[s.n.]$d1969 215 $a140 p.$d24 cm 225 2 $aQuaderni della Rassegna degli archivi di Stato 410 0$12001$aQuaderni della Rassegna degli archivi di Stato 454 1$12001 461 1$1001-------$12001 700 1$aFALCONI,$bEttore$0136956 801 0$aIT$bsalbc$gISBD 912 $a990001554130203316 951 $aI.3. Coll.3/ 22(XI B Arch. coll 3/38)$b40942 L.M.$cXI B 959 $aBK 969 $aUMA 979 $aSIAV6$b10$c20040402$lUSA01$h1131 979 $aSIAV1$b10$c20040406$lUSA01$h1751 979 $aCOPAT5$b90$c20050922$lUSA01$h0859 996 $aDocumenti di interesse italiano nella Repubblica popolare polacca$9281558 997 $aUNISA LEADER 01115nam0-2200337---45-- 001 990000510070203316 010 $a0-8218-2325-6 035 $a0051007 035 $aUSA010051007 035 $a(ALEPH)000051007USA01 035 $a0051007 100 $a20001027d1985----km-y1itay0103----ba 101 $aeng 102 $aUS 105 $a||||||||001yy 200 1 $a<> Dirichlet problem for distributions and specifications for random fields$fby Michael Rockner 210 $aProvidence (R.I.)$cAmerican Mathematical Society$d1985 215 $aV, 76 p$d26 cm 225 $aMemoris of the American Mathematical society$i324 700 $aROCKNER,$bMichael$059656 801 $aIT$bUNPD$gRICA 912 $a990000510070203316 951 $a515.353 ROC$b15868 Ing.$c515$d00070043 959 $aBK 969 $aTEC 979 $aJOHNNY$b90$c20010614$lUSA01$h1404 979 $aJOHNNY$b90$c20010614$lUSA01$h1406 979 $c20020403$lUSA01$h1700 979 $aPATRY$b90$c20040406$lUSA01$h1635 996 $aDirichlet problem for distributions and specifications for random fields$9886979 997 $aUNISA